Best Player from Sweet 16 March Madness Teams - Statistics

General Stats
  • This quiz has been taken 10 times
    9 since last reset
  • The average score is 5 of 16
Answer Stats
Hint Answer % Correct
Auburn Johni Broome
71%
Duke Cooper Flagg
57%
Florida Walter Clayton Jr.
57%
Texas Tech Darrion Williams
43%
Tennessee Zakai Zeigler
43%
Purdue Brad Smith
29%
Maryland Derik Queen
29%
Kentucky Lamont Butler
29%
Houston LJ Cryer
29%
Alabama Mark Sears
29%
BYU Richie Saunders
29%
Michigan Vladislav Goldin
29%
Arkansas Boogie Fland
14%
Arizona Henri Veesaar
14%
Michigan St. Jaden Akins
14%
Ole Miss Sean Pedulla
14%
No matching quizzes found
Score Distribution
Percent of People with Each Score
Percentile by Number Answered
Your Score History
You have not taken this quiz since the last reset